000 00652nam a2200193Ia 4500
003 GCL
008 140319s9999 xx 000 0 ara d
040 _aGCL /
_cGCL
082 0 4 _a811.9
_bا م
100 1 _aابراهيم الابيارى
245 1 0 _aالموسوعة الشوقية: الاعمال الكاملة لامير الشعراء احمد شوقى /
_cابراهيم الابيارى
260 _aالقاهرة :
_bدار الكتاب العربى ،
_c1994
300 _aمتعدد ؛
_c28 سم
490 _a
650 0 4 _aالشعر العربى
650 0 4 _aمسرحيات
650 0 4 _aاحمد شوقى
942 _2ddc
_cBK
999 _c38933
_d38933